000 01562nam0a22002531 4500
001 rc\4921860
005 20260407103511.0
021 _aRU
_bРг320-66
035 _a(NLR Aleph) 008841689
090 _a8347045
_c8347045
100 _a20130426d1965 |||y0rusy50 ca
101 0 _arus
102 _aRU
105 _ay z |||||
200 1 _aИнструкция корреспонденту Центрального научно-исследовательского института информации и технико-экономических исследований по лесной, целлюлозно-бумажной, деревообрабатывающей промышленности и лесному хозяйству по подготовке и оформлению материалов для издания
_fГос. ком. по лесной, целлюлозно-бум., деревообрабатывающей пром-сти и лесному хоз-ву при Госплане СССР...
210 _aМосква
_cБ. и.
_d1965
215 _a12 с.
_d22
300 _aОтпеч. множит. аппаратом
710 0 2 _aЦНИИ информации и технико-экономических исследований по лесной, целлюлозно-бумажной и деревообрабатывающей промышленности
_cМосква
_3RU\NLR\AUTH\889932465
_9360220
801 0 _aRU
_bNLR
_gpsbo
801 1 _aRU
_bELAR
_2rusmarc
852 _aNLR
_j65-6/15947
942 _cBOOK
980 _aNB